000 00774nam a2200265Ia 4500
003 OSt
005 20220918164928.0
006 a|||||r|||| 00| 0
007 ta
008 220917b |||||||| |||| 00| 0 eng d
020 _a0816606358
024 _a20,897
037 _cTextual
040 _aARTS
_cARTS
_beng
041 _2eng
_aeng
082 _aO111,3M94:g, L2
100 _aFirchow Peter
_921755
245 0 _aAldous Huxley
_b Satirist and novelist
260 _aMinneapolis
_bUniversity of Minnesota Press
_c1972
300 _aviii,203p.
_ccm.
490 _aMinnesota monographs in the humanities ed by Gerhard Weiss; 6
650 _aENGLISH LITERATURE
942 _hO111,3M94:g, L2
_cTEXL
_2CC
999 _c127479
_d127479